|
วิทยาลัยพยาบาลบรมราชชนนี ยะลา |
|
แสดงรายละเอียดบรรณานุกรม |
|
|
Brief Record
: Get Marc (ISO 2709)
: E-mail record
: |
|
|
|
| LEADER 00000nam 2200000uu 4500 | |||
| 001 3852 | |||
| 003 ULIBM | |||
| 008 260423s2568||||th 000 0 tha d | |||
| 020 ^a9786161885434 | |||
| 050 4 ^aBF575.S39^bN146c | |||
| 100 1 ^aNafousi,Roxie | |||
| 245 10 ^aconfidence : 8 ขั้นตอนสร้างความมั่นใจที่แท้จริง/^cRoxie Nafousi ,เขียน วิโรจน์ ภัทรทีปกร,แปล | |||
| 250 ^aพิมพ์ครั้งที่ 1 | |||
| 260 ^aกรุงเทพฯ :^bอมรินทร์ฮาวทู,^c2568. | |||
| 300 ^a288หน้า :^bภาพประกอบ;^c21 ซม. | |||
| 650 7 ^aจิตวิทยาประยุกต์ | |||
| 650 7 ^aจิตวิทยาพัฒนาตนเอง | |||
| 650 7 ^aการเปลี่ยนแปลงบุคลิกภาพ | |||
| 700 0 ^aวิโรจน์ ภัทรทีปกร,แปล | |||
| 999 ^aฮัซวานี | |||
| คุณยังไม่ได้ล็อกอิน คุณสามารถมีกิจกรรมร่วมกับเว็บไซต์ได้ แต่ต้องล็อกอินก่อน :: |
|
| สถานะ | |||||||||
| 1. | หนังสือทั่วไป | BF575.S39 N146c 2568 ฉ.1 | ►หนังสือทั่วไปภาษาไทย | On Shelf | |||||
| [แสดง 1/1 รายการ] | |||||||||
BibComment |
| คอมเมนท์ทรัพยากรรายการนี้ |
|
|